[Event "Heusenstamm Schloss op"]
[Site "Heusenstamm"]
[Date "2022.11.20"]
[Round "7"]
[White "Marchese, Gaspare"]
[Black "Sarbu, Marc Constantin"]
[Result "1-0"]
[WhiteElo "1803"]
[BlackElo "1557"]
[PlyCount "107"]
[EventDate "2022.11.17"]
[EventType "swiss"]
[EventRounds "7"]
[EventCountry "GER"]
[SourceTitle "CBM 212 Extra"]
[Source "ChessBase"]
[SourceDate "2023.03.31"]
[SourceVersion "1"]
[SourceVersionDate "2023.03.31"]
[SourceQuality "1"]

1. e4 d5 2. exd5 Qxd5 3. Nc3 Qd8 4. d4 Nf6 5. Be2 c6 6. Nf3 Bg4 7. h3 Bh5 8. g4 Bg6 9. Ne5 e6 10. h4 Be4 11. f3 Bd5 12. Nxd5 Nxd5 13. c3 Bd6 14. Kf2 Nd7 15. Nd3 Qc7 16. Rh3 0-0-0 17. Bd2 h5 18. g5 e5 19. c4 Nf4 20. Nxf4 exf4 21. b4 c5 22. Rc1 b6 23. Bd3 cxd4 24. c5 bxc5 25. Qb3 Rhf8 26. Ba6+ Kb8 27. bxc5+ Nb6 28. cxd6 Qxd6 29. Rhh1 Rfe8 30. Qxf7 Re7 31. Qxf4 Re5 32. Rhe1 Rde8 33. Rxe5 Rxe5 34. Re1 Rd5 35. Qxd6+ Rxd6 36. Bf4 Kc7 37. Re7+ Kc6 38. Bxd6 Kxd6 39. Rxg7 Ke5 40. Bd3 a5 41. Rh7 Nd5 42. g6 Nf4 43. g7 Nxd3+ 44. Kf1 Kf4 45. g8Q Ke3 46. Qg5+ Nf4 47. Rf7 a4 48. Qxf4+ Kd3 49. Qe4+ Kc3 50. Rc7+ Kb2 51. Qxd4+ Ka3 52. Rc3+ Kb2 53. Qd2+ Ka1 54. Rc1# 1-0

[Event "Heusenstamm Sparkassen op-A 6th"]
[Site "Heusenstamm"]
[Date "2019.11.22"]
[Round "3"]
[White "Haack, Kevin"]
[Black "Marchese, Gaspare"]
[Result "1-0"]
[WhiteElo "1978"]
[BlackElo "1851"]
[PlyCount "111"]
[EventDate "2019.11.21"]
[EventType "swiss"]
[EventRounds "7"]
[EventCountry "GER"]
[SourceTitle "CBM 194 Extra"]
[Source "ChessBase"]
[SourceDate "2020.03.31"]
[SourceVersion "1"]
[SourceVersionDate "2020.03.31"]
[SourceQuality "1"]

1. c4 e5 2. g3 Nf6 3. Bg2 Nc6 4. Nc3 Bc5 5. Nf3 d5 6. cxd5 Nxd5 7. Nxe5 Nde7 8. Nf3 Bf5 9. 0-0 0-0 10. d3 Qd7 11. Bd2 Rad8 12. Rc1 Bb6 13. a3 h6 14. b4 Bh3 15. Na4 Bxg2 16. Kxg2 Qd5 17. Nxb6 cxb6 18. Bc3 Ng6 19. Qd2 Rfe8 20. Kg1 Nce5 21. Nxe5 Nxe5 22. Bxe5 Qxe5 23. e3 Qf5 24. Rfd1 Qf3 25. Rc4 Qd5 26. e4 Qxc4 27. dxc4 Rxd2 28. Rxd2 Rxe4 29. Rd8+ Kh7 30. Rd7 Rxc4 31. Rxb7 Kg6 32. Rxa7 b5 33. Ra6+ f6 34. h4 Rd4 35. Ra5 Rd3 36. h5+ Kf7 37. Kg2 Ke7 38. Ra7+ Kf8 39. Kh3 Rf3 40. Ra5 Rxf2 41. Rxb5 f5 42. a4 Ke7 43. Rb7+ Kf6 44. a5 g5 45. hxg6 Kxg6 46. b5 f4 47. gxf4 Rxf4 48. a6 Rf3+ 49. Kg2 Ra3 50. a7 Kf5 51. b6 Ra2+ 52. Kf1 Ke4 53. Rb8 Ra1+ 54. Kf2 Ra2+ 55. Kg3 Ra3+ 56. Kh4 1-0

[Event "Rhein Main op-A 21st"]
[Site "Bad Homburg"]
[Date "2018.06.02"]
[Round "6"]
[White "Brendel, Bergit"]
[Black "Marchese, Gaspare"]
[Result "1/2-1/2"]
[WhiteElo "2000"]
[BlackElo "1905"]
[PlyCount "34"]
[EventDate "2018.05.30"]
[EventType "swiss"]
[EventRounds "7"]
[EventCountry "GER"]
[SourceTitle "EXT 2019"]
[Source "ChessBase"]
[SourceDate "2018.10.10"]
[SourceVersion "1"]
[SourceVersionDate "2018.10.10"]
[SourceQuality "1"]

1. e4 e6 2. d4 d5 3. Nc3 Nf6 4. e5 Nfd7 5. f4 c5 6. Nf3 Nc6 7. Be3 cxd4 8. Nxd4 Nxd4 9. Bxd4 Nb8 10. Qd2 Nc6 11. Bb5 Bd7 12. Bxc6 bxc6 13. Na4 Rb8 14. b3 Rb5 15. 0-0 c5 16. Bf2 Qa5 17. Qe3 Qc7 1/2-1/2

[Event "Heusenstamm Sparkassen op-A 4th"]
[Site "Heusenstamm"]
[Date "2017.11.26"]
[Round "7"]
[White "Lesny, Florian"]
[Black "Marchese, Gaspare"]
[Result "1-0"]
[WhiteElo "2041"]
[BlackElo "1899"]
[PlyCount "85"]
[EventDate "2017.11.23"]
[EventType "swiss"]
[EventRounds "7"]
[EventCountry "GER"]
[SourceTitle "EXT 2019"]
[Source "ChessBase"]
[SourceDate "2018.10.10"]
[SourceVersion "1"]
[SourceVersionDate "2018.10.10"]
[SourceQuality "1"]

1. e4 e6 2. d4 d5 3. e5 c5 4. c3 Nc6 5. Nf3 Nge7 6. Na3 cxd4 7. cxd4 Nf5 8. Nc2 Bd7 9. Bd3 Be7 10. 0-0 g5 11. Be3 h6 12. Qe2 Ng7 13. Nd2 Qb6 14. Nb3 0-0-0 15. Rfc1 Kb8 16. Rab1 Rc8 17. Nc5 Bxc5 18. dxc5 Qc7 19. Bd4 Nf5 20. Bc3 Nfe7 21. b4 Ng6 22. Bxg6 fxg6 23. b5 Na5 24. c6 Be8 25. Nd4 Nc4 26. Nxe6 Qe7 27. Nd4 Rf8 28. Bb4 Qf7 29. Bxf8 Qxf8 30. cxb7 Kxb7 31. e6 Qf4 32. Rd1 Ne5 33. g3 Qf6 34. a4 Rc4 35. Re1 Rxa4 36. Qxe5 Qxe5 37. Rxe5 Rxd4 38. e7 Rd2 39. Rc1 d4 40. Rcc5 d3 41. Rcd5 Rd1+ 42. Kg2 d2 43. Re2 1-0

[Event "Heusenstamm Sparkassen op-A 4th"]
[Site "Heusenstamm"]
[Date "2017.11.25"]
[Round "4"]
[White "Eichner, Christian"]
[Black "Marchese, Gaspare"]
[Result "1-0"]
[WhiteElo "2064"]
[BlackElo "1899"]
[PlyCount "55"]
[EventDate "2017.11.23"]
[EventType "swiss"]
[EventRounds "7"]
[EventCountry "GER"]
[SourceTitle "EXT 2019"]
[Source "ChessBase"]
[SourceDate "2018.10.10"]
[SourceVersion "1"]
[SourceVersionDate "2018.10.10"]
[SourceQuality "1"]

1. e4 e6 2. d4 d5 3. Nd2 Nf6 4. e5 Nfd7 5. Bd3 c5 6. c3 Nc6 7. Ngf3 a5 8. 0-0 a4 9. Re1 a3 10. c4 Nb6 11. dxc5 Bxc5 12. cxd5 Nxd5 13. Ne4 Be7 14. bxa3 Qa5 15. Nd6+ Bxd6 16. exd6 0-0 17. Bb2 Nf4 18. Ne5 Nxe5 19. Rxe5 Qd8 20. Rc1 Bd7 21. Be4 Qb6 22. Qd2 Ra4 23. Bc2 Ng6 24. Bxa4 Nxe5 25. Bxd7 Nxd7 26. Qd4 f6 27. Rc7 Rd8 28. Rxd7 1-0

[Event "Heusenstamm Sparkassen op-A 4th"]
[Site "Heusenstamm"]
[Date "2017.11.24"]
[Round "2"]
[White "Bakiev, Diyor"]
[Black "Marchese, Gaspare"]
[Result "0-1"]
[WhiteElo "1664"]
[BlackElo "1899"]
[PlyCount "150"]
[EventDate "2017.11.23"]
[EventType "swiss"]
[EventRounds "7"]
[EventCountry "GER"]
[SourceTitle "EXT 2019"]
[Source "ChessBase"]
[SourceDate "2018.10.10"]
[SourceVersion "1"]
[SourceVersionDate "2018.10.10"]
[SourceQuality "1"]

1. e4 e6 2. d4 d5 3. e5 c5 4. c3 Nc6 5. Nf3 Nge7 6. Bd3 Bd7 7. Be3 cxd4 8. cxd4 Nb4 9. Nc3 Nxd3+ 10. Qxd3 Nf5 11. Bf4 h5 12. Ne2 h4 13. Rg1 Rc8 14. g4 hxg3 15. fxg3 Qb6 16. g4 Bb5 17. Qd2 Nh4 18. Nxh4 Rxh4 19. Nc3 Ba6 20. Qf2 Rh3 21. Rg3 Rxg3 22. hxg3 Ba3 23. bxa3 Rxc3 24. Qd2 Rf3 25. Qg2 Qxd4 26. Qxf3 Qxa1+ 27. Qd1 Qxd1+ 28. Kxd1 Bc4 29. Be3 a6 30. Bc5 Kd7 31. g5 Kc6 32. Bf8 g6 33. Kc2 d4 34. Kd2 Kd5 35. Bd6 Ke4 36. Bc7 Bxa2 37. Bd6 Bc4 38. Bc7 Kf5 39. Bd6 b6 40. Bc7 a5 41. Bxb6 Kxe5 42. Bxa5 Kd5 43. Kc2 e5 44. Bd2 e4 45. Ba5 e3 46. Bb6 Ke4 47. Kd1 d3 48. Ba5 Bb3+ 49. Ke1 d2+ 50. Bxd2 exd2+ 51. Kxd2 Kf3 52. Kc3 Ba4 53. Kd4 Kg4 54. Ke4 Kxg5 55. Kf3 Bc6+ 56. Ke3 Kg4 57. Kf2 f6 58. a4 Bxa4 59. Kg2 Bc6+ 60. Kh2 f5 61. Kg1 Kxg3 62. Kf1 f4 63. Kg1 f3 64. Kf1 Bb5+ 65. Ke1 f2+ 66. Kd2 f1Q 67. Kc3 Qc4+ 68. Kb2 Ba4 69. Kb1 Kf3 70. Kb2 g5 71. Kb1 g4 72. Kb2 g3 73. Ka1 g2 74. Kb1 g1Q+ 75. Kb2 Qgc1# 0-1

[Event "Rhein Main op-A 15th"]
[Site "Bad Homburg"]
[Date "2012.06.09"]
[Round "5"]
[White "Marchese, Gaspare"]
[Black "Brzezinski, Adam"]
[Result "0-1"]
[WhiteElo "1979"]
[BlackElo "2095"]
[PlyCount "68"]
[EventDate "2012.06.06"]
[EventType "swiss"]
[EventRounds "7"]
[EventCountry "GER"]
[SourceTitle "EXT 2013"]
[Source "ChessBase"]
[SourceDate "2012.11.22"]
[SourceVersion "1"]
[SourceVersionDate "2012.11.22"]
[SourceQuality "1"]

1. e4 c5 2. Nc3 Nc6 3. f4 g6 4. Nf3 Bg7 5. Bb5 Nd4 6. Bd3 d6 7. Nxd4 cxd4 8. Ne2 Nh6 9. 0-0 f5 10. Bb5+ Bd7 11. Bxd7+ Qxd7 12. d3 0-0 13. Ng3 Rac8 14. Bd2 Rc5 15. c3 b5 16. Rc1 Rfc8 17. Ne2 dxc3 18. Qb3+ Kh8 19. Bxc3 fxe4 20. Bxg7+ Kxg7 21. Rxc5 dxc5 22. Qc3+ Kg8 23. dxe4 c4 24. Nd4 Rd8 25. Rd1 Ng4 26. e5 Nh6 27. Rd2 Nf5 28. Nf3 Qc7 29. Rxd8+ Qxd8 30. Qd2 Qxd2 31. Nxd2 Ne3 32. Ne4 Nd1 33. Nc3 Nxc3 34. bxc3 b4 0-1